Medical-Surgical Nursing, (Record no. 252571)

MARC details
000 -LEADER
fixed length control field 00442pam a2200169a 44500
008 - FIXED-LENGTH DATA ELEMENTS--GENERAL INFORMATION
fixed length control field 230405s2017 xxu||||| |||| 00| 0 eng d
020 ## - INTERNATIONAL STANDARD BOOK NUMBER
International Standard Book Number 9780323243780
Terms of availability $ 98.95 (Rs. 7908)
082 ## - DEWEY DECIMAL CLASSIFICATION NUMBER
Classification number 617.0231
Item number DEW
100 ## - MAIN ENTRY--PERSONAL NAME
Personal name DeWit, Susan C.
245 ## - TITLE STATEMENT
Title Medical-Surgical Nursing,
250 ## - EDITION STATEMENT
Edition statement 3rd Ed.
260 ## - PUBLICATION, DISTRIBUTION, ETC.
Place of publication, distribution, etc. Missouri
Name of publisher, distributor, etc. Elsevier Saunders
Date of publication, distribution, etc. 2017
300 ## - PHYSICAL DESCRIPTION
Extent 1231 p
502 ## - DISSERTATION NOTE
Dissertation note text
700 ## - ADDED ENTRY--PERSONAL NAME
Personal name Kumagai, Candice K.
906 ## - LOCAL DATA ELEMENT F, LDF (RLIN)
a 004461

No items available.